Países cercanos a China A-Z - Estadísticas

Estadísticas generales
  • Esta prueba ha sido intentada 37 veces
  • La puntuación promedio es 21 de 23
Estadísticas de respuestas
Letra Distancia País % Correcto
N 0 km Nepal
100%
R 0 km Rusia
100%
K 0 km Kazajistán / Kirguistán
97%
M 0 km Myanmar / Mongolia
97%
U ~ 100 km Uzbekistán
97%
B 0 km Bután
94%
C 0 km Corea del Norte
94%
I 0 km India
94%
L 0 km Laos
94%
O ~ 2.200 km Omán
94%
V 0 km Vietnam
94%
Y ~ 3.000 km Yemen
94%
Z ~ 6.500 km Zambia
94%
D ~ 4.750 km Dinamarca
91%
P 0 km Pakistán
91%
A 0 km Afganistán
89%
J ~ 600 km Japón
89%
F ~650 km Filipinas
86%
T 0 km Tayikistán
86%
H ~ 4.100 km Hungría
77%
G ~ 2.300 km Georgia
71%
E ~ 2.200 km Emiratos Árabes Unidos
69%
S ~ 2.000 km Singapur
69%
No se encontraron pruebas coincidentes
Distribución de puntuación
Porcentaje de gente con cada puntuación
Porcentaje por número respondido
Historial de tus puntuaciones
No has intentado esta prueba.